The short stories of James T. Farrell

保存先:
書誌詳細
第一著者: Farrell, James T.
フォーマット: 図書
言語:Undetermined
出版事項: New York, Estados Unidos Universal Library 1962
主題:
タグ: タグ追加
タグなし, このレコードへの初めてのタグを付けませんか!

MARC

LEADER 00000nam a2200000Ia 4500
008 170316s9999 xx 000 0 und d
040 |a cru BVZT 
090 |a 810 F-4s 
100 |a Farrell, James T. 
245 4 |a The short stories of James T. Farrell 
260 |a New York, Estados Unidos 
260 |b Universal Library 
260 |c 1962 
300 |a 308 páginas 
650 |a LITERATURA ESTADOUNIDENSE 
942 |c 15 D 
999 |c 5632  |d 5632